000 00818nam a2200241Ia 4500
003 GCL
008 140319s9999 xx 000 0 ara d
020 _a3065329957
040 _aGCL /
_cGCL
082 0 4 _a005.82
_bع ا
100 1 _aعوض حاج على احمد
245 1 0 _aامنية المعلومات وتقنيات التشفير /
_cعوض حاج على احمد
700 1 _aعبدالامير خلف حسين
250 _aالاولى
260 _aالاردن :
_bدار الحامد للنشر والتوزيع ،
_c2005
300 _a323 ص ؛
_c24 سم
650 0 4 _aالحاسبات الالكترونية
650 0 4 _aالإنترنت
650 0 4 _aالحاسبات الالكترونية - فيروسات
650 0 4 _aالهاكرز
650 0 4 _aالشفرة
942 _2ddc
_cBK
999 _c36572
_d36572